Todas las banderas del Mediterráneo - ¡Muerte Súbita! - Estadísticas

Estadísticas generales
  • Esta prueba ha sido intentada 477 veces
    175 desde el último reinicio
  • La puntuación promedio es 9 de 21
Answers on the Grid
Answers color-coded by a green-red scale on the quiz's grid according to % correct below.
 
Estadísticas de respuestas
Respuesta % Correcto
74%
65%
61%
56%
54%
53%
47%
46%
45%
43%
41%
39%
36%
36%
35%
35%
33%
28%
26%
22%
20%
No se encontraron pruebas coincidentes
Distribución de puntuación
Porcentaje de gente con cada puntuación
Porcentaje por número respondido
Historial de tus puntuaciones
No has intentado esta prueba desde el último reinicio